Engineering Mathematics (Record no. 8632)

MARC details
000 -LEADER
fixed length control field 00394nam a2200157Ia 4500
008 - FIXED-LENGTH DATA ELEMENTS--GENERAL INFORMATION
fixed length control field 221030s9999 xx 000 0 und d
020 ## - INTERNATIONAL STANDARD BOOK NUMBER
ISBN 0706998308
041 ## - LANGUAGE CODE
Language code of text/sound track or separate title
082 ## - DEWEY DECIMAL CLASSIFICATION NUMBER
Classification number 105.23
Item number Ver
100 ## - MAIN ENTRY--AUTHOR NAME
Personal name P. D. S. Verma
245 #0 - TITLE STATEMENT
Title Engineering Mathematics
Statement of responsibility, etc by P. D. S. Verma
260 ## - PUBLICATION, DISTRIBUTION, ETC. (IMPRINT)
Name of publisher Vikas Pub House
Place of publication New Delhi
Year of publication 1999
300 ## - PHYSICAL DESCRIPTION
Number of Pages 276
650 ## - SUBJECT ADDED ENTRY--TOPICAL TERM
Topical Term BE Mathematics
942 ## - ADDED ENTRY ELEMENTS (KOHA)
Koha item type Books
Holdings
Accession Number Cost, normal purchase price Full call number Price effective from Koha item type Withdrawn / writtenoff status Materials specified (bound volume or other part) Damaged status Not for loan Permanent Location Current Location Shelving location Date acquired Lost/ Missing status department
BE 1646 85.00 105.23 Ver 10/30/2022 Books   Print   Not For Loan MIET Library, Jammu MIET Library, Jammu BL-Second, FL-1, CUP-17, SH-1, R-1 05/20/2000   BE